000 00484nam a22001697a 4500
005 20130712124326.0
010 _aENG-107970
020 _c395.00
_a9789380755274
035 _aEN-91503
037 _bDBAD/PUB
100 _aDavies, John
245 0 0 _aHindu philosophy :
_cby John Davies
_bThe sankhya karika of iswara Krishna /
260 _aKolkata
_bAruna Prakashan
_c2012
270 _a2, Kalidas Singha Lane,
_bKolkata
_e700009
300 _a130p.
_c18cm(Hb)
942 _2ddc
_cEN
_mDAV
999 _c77444
_d77444